000 00390nam a2200169Ia 4500
001 3470
003 IN-NITTTR
005 20251114232948.0
008 251113s9999||||xx |||||||||||||| ||eng||
040 _beng
040 _cIN-NITTTR
041 _aeng
082 _a627 S23H
100 _aSharma, Vinaya
245 0 _aHydraulics and hyudraulic machines /
_cSharma, Vinaya
942 _2ddc
_cBK
999 _c5797
_d5797